01593nam a2200361 a 4500001001000000003000500010005001700015008004100032010001100073011001100084040000900095090001000104100004900114245020700163260004100370500006000411502010900471590004100580590003900621590003900660650002300699650003800722650003500760650003200795650004900827856007000876901000700946942001000953942000600963999001900969952012400988952011901112000109399CHAP20220329144049.0140424s2013 mx a |sm |||||||spa|d a105861 a106833 cCHAP aTesis1 aVelázquez Cigarroa, Edwin Jocsán912656210aSensibilidad in vitro de Sclerotinia sclerotiorum (Lib.) de Bary a fungicidas y Trichoderma spp., aislado del cultivo de zanahoria (Daucus carota)h[En línea]cpor Edwin Jocsán Velázquez Cigarroa. aChapingo, Méx. :bEl autor,c2013. aPara ver el contenido del material haga clic en la liga aTesis (Ing. Agr. Esp. en Parasitología Agrícola) -- UACH. Departamento de Parasitología Agrícola aBATCH-UPDb05c20141002lUCH01h0901 aE792CSJb05c20140424lUCH01h1154 aE792CSJb05c20140424lUCH01h115514aFungicidas.94404414aSclerotinia sclerotiorum.910334214aTrichoderma harzianum.911492414aTrichoderma viride.911492514aZanahoriaxEnferemedades por hongos.9126597 aFinding aiduhttp://10.13.5.2/tesis/sist109399.pdfzTeclea aquí aBK cTESIS n0 c105861d105861 00102local40718TESISaBCbBCd2014-04-24fTESISl0oTesisp33724002387751r2019-12-31 00:00:00tc.2w2014-04-24yCD 00102local40718TESISaBCbBCd2014-04-24fTESISl0oTesisp33724002387793r2019-12-31 00:00:00w2014-04-24yCD